|
|
|
|
| LEADER |
00000nam a22000007a 4500 |
| 005 |
20171008213744.0 |
| 007 |
cr|||| |||| |
| 008 |
171008s2014 mx |||||s||||f00||0 spa d |
| 020 |
|
|
|a 978-84-16142-58-3
|
| 035 |
|
|
|a 20696
|
| 040 |
|
|
|a vLex
|
| 090 |
|
|
|c 7089
|d 7089
|
| 100 |
1 |
|
|a Guzmǹ, Martn̕ Luis
|
| 245 |
1 |
0 |
|a Ser ciudadano
|h [Recurso electrn̤ico] /
|c Martn̕ Luis Guzmǹ
|
| 256 |
|
|
|a Servicio en ln̕ea
|
| 260 |
|
|
|a Ciudad de Mx̌ico:
|b Cm̀ara de Diputados,
|c 2014
|
| 300 |
|
|
|a 1 recurso electrn̤ico (106 p.)
|
| 506 |
1 |
|
|a Disponible solo en los productos indicados
|d vLex Global
|d vLex Global (Academic Edition, excluding Law Schools)
|d vLex Global (U.S. Academic Edition, Law Schools)
|d vLex Global (U.S. Academic Edition, excluding Law Schools)
|d vLex Global (Academic Edition, Law Schools)
|
| 650 |
0 |
4 |
|a Derecho Constitucional
|z Mx̌ico
|
| 740 |
0 |
|
|a vLex Libros (Servicio en ln̕ea)
|
| 856 |
4 |
0 |
|u http://vlex.com/source/ser-ciudadano-20696
|z Acceso restringido
|
| 942 |
|
|
|c BOOK
|
| 999 |
0 |
|
|a Constitutional right
|